[Event "Politiken Cup 32nd"]
[Site "Copenhagen"]
[Date "2010.08.06"]
[Round "8"]
[White "Jensen, Leif Norholm"]
[Black "Heggum, Tore"]
[Result "1/2-1/2"]
[WhiteElo "1810"]
[BlackElo "1689"]
[PlyCount "56"]
[EventDate "2010.07.31"]
[EventType "swiss"]
[EventRounds "10"]
[EventCountry "DEN"]
[SourceTitle "CBM 137 Extra"]
[Source "ChessBase"]
[SourceDate "2010.09.01"]
[SourceVersion "1"]
[SourceVersionDate "2010.09.01"]
[SourceQuality "1"]

1. f4 Nf6 2. b3 g6 3. Bb2 Bg7 4. Nf3 d5 5. e3 0-0 6. Be2 b6 7. 0-0 Bb7 8. Ne5 Nbd7 9. Bf3 Rb8 10. d4 Ne4 11. Nd2 Ndf6 12. c4 Nxd2 13. Qxd2 Ne4 14. Bxe4 dxe4 15. Ng4 f5 16. Nf2 e6 17. Rfd1 c6 18. Rac1 Qe7 19. Bc3 Rbd8 20. Qb2 Rd7 21. b4 Rfd8 22. c5 b5 23. g4 Rd5 24. g5 Bh8 25. Qe2 Qf7 26. h4 R5d7 27. Nh1 h6 28. Rd2 h5 1/2-1/2

[Event "Politiken Cup 32nd"]
[Site "Copenhagen"]
[Date "2010.08.05"]
[Round "7"]
[White "Preuss, Flemming"]
[Black "Jensen, Leif Norholm"]
[Result "1-0"]
[WhiteElo "2039"]
[BlackElo "1810"]
[PlyCount "121"]
[EventDate "2010.07.31"]
[EventType "swiss"]
[EventRounds "10"]
[EventCountry "DEN"]
[SourceTitle "CBM 137 Extra"]
[Source "ChessBase"]
[SourceDate "2010.09.01"]
[SourceVersion "1"]
[SourceVersionDate "2010.09.01"]
[SourceQuality "1"]

1. e4 c5 2. Nf3 Nc6 3. Nc3 d6 4. d4 cxd4 5. Nxd4 Bd7 6. Be3 Nf6 7. f3 g6 8. Qd2 Bg7 9. Bc4 0-0 10. h4 Nxd4 11. Bxd4 h5 12. 0-0-0 Rc8 13. Bb3 a6 14. Kb1 b5 15. g4 Qa5 16. gxh5 Nxh5 17. Nd5 Qxd2 18. Nxe7+ Kh7 19. Rxd2 Rce8 20. Bxg7 Kxg7 21. Nd5 f5 22. Nc7 Re7 23. Rxd6 Ng3 24. Rhd1 fxe4 25. Rxd7 Rxd7 26. Rxd7+ Kh6 27. Ne6 Rxf3 28. a3 Rf1+ 29. Ka2 e3 30. Nc5 e2 31. Nd3 Nf5 32. Rd8 e1Q 33. Nxe1 Rxe1 34. Rh8+ Kg7 35. Ra8 Nxh4 36. Rxa6 Nf5 37. c4 bxc4 38. Bxc4 g5 39. Bd3 Ne7 40. Ra4 Kf6 41. b4 Nd5 42. Ra8 Nf4 43. Bc2 Re2 44. Kb3 Ne6 45. Kc3 Nc7 46. Ra5 Re3+ 47. Kd2 Rf3 48. Be4 Rf4 49. Ke3 Ne6 50. Rd5 Nc7 51. Rd7 Ne6 52. a4 Ke5 53. Rd5+ Kf6 54. a5 Nc7 55. Rc5 Ne6 56. a6 Nxc5 57. bxc5 Rf1 58. a7 Ra1 59. a8Q Rxa8 60. Bxa8 Ke7 61. Bd5 1-0

[Event "Politiken Cup 32nd"]
[Site "Copenhagen"]
[Date "2010.07.31"]
[Round "1"]
[White "Jensen, Leif Norholm"]
[Black "Schultz Pedersen, Jesper"]
[Result "0-1"]
[WhiteElo "1810"]
[BlackElo "2206"]
[PlyCount "62"]
[EventDate "2010.07.31"]
[EventType "swiss"]
[EventRounds "10"]
[EventCountry "DEN"]
[SourceTitle "CBM 137 Extra"]
[Source "ChessBase"]
[SourceDate "2010.09.01"]
[SourceVersion "1"]
[SourceVersionDate "2010.09.01"]
[SourceQuality "1"]

1. f4 c5 2. Nf3 g6 3. Nc3 Bg7 4. e4 Nc6 5. d3 e6 6. Be2 Nge7 7. Be3 Nd4 8. 0-0 d5 9. Rb1 Nxf3+ 10. Bxf3 d4 11. Bf2 dxc3 12. e5 Qc7 13. bxc3 Rb8 14. Rb5 b6 15. Qb1 a6 16. Rb2 0-0 17. d4 c4 18. a4 Bb7 19. d5 Nxd5 20. Bxd5 Bxd5 21. Bxb6 Qc6 22. Rf2 Qxa4 23. Bc5 Rxb2 24. Qxb2 Rc8 25. Bd6 Qc6 26. g4 Bf8 27. Bxf8 Rxf8 28. f5 exf5 29. gxf5 Qc7 30. Qc1 Qxe5 31. Qh6 Rb8 0-1

[Event "Liechtenstein op 26th"]
[Site "Triesen"]
[Date "2008.04.25"]
[Round "1"]
[White "Prakken, Gerrit"]
[Black "Jensen, Leif Norholm"]
[Result "1-0"]
[WhiteElo "2218"]
[BlackElo "1924"]
[PlyCount "63"]
[EventDate "2008.04.25"]
[EventType "swiss"]
[EventRounds "9"]
[EventCountry "LIE"]
[SourceTitle "CBM 123 Extra"]
[Source "ChessBase"]
[SourceDate "2008.05.06"]
[SourceVersion "1"]
[SourceVersionDate "2008.05.06"]
[SourceQuality "1"]

1. d4 Nf6 2. c4 c5 3. d5 e6 4. Nc3 exd5 5. cxd5 d6 6. Nf3 g6 7. Bf4 Bg7 8. Qa4+ Bd7 9. Qb3 Bc8 10. e4 0-0 11. Nd2 Nh5 12. Be3 f5 13. exf5 Bxf5 14. Be2 Nf6 15. h3 Na6 16. a3 Qe7 17. 0-0 Nc7 18. Rad1 b6 19. Rfe1 Rae8 20. a4 Qd8 21. Bf1 Nfxd5 22. Nxd5 Be6 23. Bc4 Nxd5 24. Bxd5 Qf6 25. Ne4 Qf7 26. Nxd6 Bxd5 27. Rxd5 Rxe3 28. Rxe3 Qxf2+ 29. Kh2 Qf4+ 30. Rg3 Kh8 31. Qe3 Qxa4 32. Rf3 1-0